<?xml version="1.0" encoding="UTF-8"?><?xml-stylesheet type="text/xsl" href="static/style.xsl"?><OAI-PMH xmlns="http://www.openarchives.org/OAI/2.0/" xmlns:xsi="http://www.w3.org/2001/XMLSchema-instance" xsi:schemaLocation="http://www.openarchives.org/OAI/2.0/ http://www.openarchives.org/OAI/2.0/OAI-PMH.xsd"><responseDate>2026-04-27T19:52:57Z</responseDate><request verb="GetRecord" identifier="oai:uvadoc.uva.es:10324/3979" metadataPrefix="marc">https://uvadoc.uva.es/oai/request</request><GetRecord><record><header><identifier>oai:uvadoc.uva.es:10324/3979</identifier><datestamp>2021-06-29T09:39:22Z</datestamp><setSpec>com_10324_38</setSpec><setSpec>col_10324_852</setSpec></header><metadata><record xmlns="http://www.loc.gov/MARC21/slim" xmlns:doc="http://www.lyncode.com/xoai" xmlns:xsi="http://www.w3.org/2001/XMLSchema-instance" xmlns:dcterms="http://purl.org/dc/terms/" xsi:schemaLocation="http://www.loc.gov/MARC21/slim http://www.loc.gov/standards/marcxml/schema/MARC21slim.xsd">
<leader>00925njm 22002777a 4500</leader>
<datafield tag="042" ind1=" " ind2=" ">
<subfield code="a">dc</subfield>
</datafield>
<datafield tag="720" ind1=" " ind2=" ">
<subfield code="a">Lucas Hernández, Raquel</subfield>
<subfield code="e">author</subfield>
</datafield>
<datafield tag="260" ind1=" " ind2=" ">
<subfield code="c">2013</subfield>
</datafield>
<datafield tag="520" ind1=" " ind2=" ">
<subfield code="a">Conocemos la importancia del inglés en la actualidad y la funcionalidad de manejar dos idiomas. Por eso es necesario comenzar su enseñanza lo antes posible. Desde la legislación educativa actual y la oferta del bilingüismo en algunos colegios se promueve esta enseñanza para que los alumnos sean capaces de comunicarse en inglés al terminar la enseñanza obligatoria.&#xd;
A continuación presento una propuesta de ampliación para Educación Infantil basada en la introducción del inglés en las rutinas del aula y su implicación en los proyectos de clase, tanto para el aprendizaje de vocabulario como para su preparación al siguiente ciclo.&#xd;
En estas líneas hablaré de la práctica educativa que he realizado, pensada para continuarse a lo largo del curso en otros proyectos y llevarse a cabo en otros ciclos de la educación.</subfield>
</datafield>
<datafield tag="024" ind2=" " ind1="8">
<subfield code="a">http://uvadoc.uva.es/handle/10324/3979</subfield>
</datafield>
<datafield ind1=" " ind2=" " tag="653">
<subfield code="a">Inglés (Lengua) - estudio y enseñanza</subfield>
</datafield>
<datafield tag="245" ind1="0" ind2="0">
<subfield code="a">Ampliación del inglés en Educación Infantil</subfield>
</datafield>
</record></metadata></record></GetRecord></OAI-PMH>